000 00755nas a2200253 4500
001 BR7905071
003 BR-BrBNA
005 20231205083901.0
007 ta
008 230509b bl.|||p| |||| 00| 00por d
040 _aBR-BrBNA
_bpor
_cBiblioteca Nacional de Agricultura
041 _a(Pt)
072 _aP05
100 1 _aAnon.
245 1 _aPodemos ter energia propria. E o biogas, de esterco, palha, lixo [Recurso energetico]
650 _aRecurso energetico
650 _aBiogas
650 _aEnergia
650 _aCombustivel
650 _aResiduo organico
773 0 _tAgricultura e Cooperativismo (Brazil)
_xISSN 0100-5758
_g(Jun 1979), v. 4(38) p. 6-15
_wBR7905071
909 _a202311
_bLúcia
_c55
_dLúcia Elande
942 _2AGRIS
_n0
_cANA
999 _c101808
_d101808